Missing Word: CBS Shows (1960s) Quiz Stats

Quiz Updated Oct 14, 2016

Challenge
Share
Tweet
Embed
Score 0/22 Timer 02:00
0 Plays Today
Television Series Missing Word % Correct
_____ Five-OHawaii
97.7%
The Wild _____ WestWild
97.7%
Mission: _____Impossible
97.4%
The Dick _____ Dyke ShowVan
97.1%
The _____ HillbilliesBeverly
93.6%
The _____ Griffith ShowAndy
90.6%
_____ in SpaceLost
87.2%
_____ AcresGreen
85.7%
60 _____Minutes
82.7%
Route _____66
82.4%
___ HawHee
79.2%
Television Series Missing Word % Correct
_____ EdMister
75.7%
The Carol _____ ShowBurnett
74.9%
My _____ MartianFavorite
74.5%
Petticoat _____Junction
73.1%
_____ HeroesHogan's
71.8%
Gentle _____Ben
60.2%
_____ AffairFamily
54.6%
The _____ Day ShowDoris
54.2%
Gomer Pyle, _____U.S.M.C.
53.3%
Love is A Many _____ ThingSplendored
46.8%
Medical _____Center
30.7%

Today's Daily Dose

You're not logged in!

Compare scores with friends on all Sporcle quizzes.
Join for Free
OR
Log In

You Might Also Like...

Show Comments

Extras

Top Quizzes Today


Score Distribution

Your Account Isn't Verified!

In order to create a playlist on Sporcle, you need to verify the email address you used during registration. Go to your Sporcle Settings to finish the process.

Report this User

Report this user for behavior that violates our Community Guidelines.

Details: